Statistics for victorius characters

Click here to take the quiz!

General Stats

  • This quiz has been taken 84 times
  • The average score is 7 of 8

Answer Stats

Hint Answer % Correct
great singertori
100%
bubbly red headcat
99%
known bullyjade
94%
vain sistertrina
92%
musical sensationandre
92%
geekrobbie
89%
bullys exbeck
89%
puppetrex
85%

Score Distribution

Percentile by Number Answered

Percent of People with Each Score

Your Score History

You have not taken this quiz